00908 a2200169 4500003000500000005001700005040000900022082001400031245010800045260002900153300001500182505034700197650002900544942002300573999001900596952012300615NUST20221206132444.0 cNust a155.4,ANN aAnnual progress in Child Phychiatry and Child Development /cEdited by Stella chess , Alexander Thomas  aNew yourkbBrunnerc1979 avi,690 p.: aInfancy Studies (Page-3), Developmental Issues (Page-103), Language and Cognition (Page-181), Temperament Studies (Page-249), Family Studies (Page-281), The Hyperactive (Page-375), Mental Retardation (Page-405), Clinical Issues (Page-419), Delivery of Services (Page-557), Annual Progress in Child Psychiatry and Child Development (Page-623). achild psychiatry9104253 2ddccBKk155.4,ANN c193755d193755 00102ddc4070aMCSbMCScGENd2016-12-12o155.4,ANNpMCS21810r2016-12-08w2016-12-12yBKzAlmirah No.46, Shelf No.4